Flags of Oceania Quiz - Statistics

General Stats
  • This quiz has been taken 61 times
  • The average score is 13 of 14
Answer Stats
Picture Answer % Correct
Australia
100%
New Zealand
100%
Micronesia
96%
Papua New Guinea
96%
Fiji
91%
Kiribati
91%
Marshall Islands
91%
Palau
91%
Vanuatu
91%
Nauru
89%
Tuvalu
89%
Solomon Islands
87%
Tonga
87%
Samoa
85%
No matching quizzes found
Score Distribution
Percent of People with Each Score
Percentile by Number Answered
Your Score History
You have not taken this quiz